| 000 | 00608nam a22001697a 4500 | ||
|---|---|---|---|
| 008 | 150220b xxu||||| |||| 00| 0 eng d | ||
| 020 | _a0874625394 | ||
| 050 | _aBT736.2.H34 1984 | ||
| 100 |
_aHauerwas, Stanley _96275 |
||
| 245 |
_aShould war be eliminated?: _bphilosophical and theological investigations _c/ Stanley Hauerwas |
||
| 260 |
_aWisconsin _bMarquette University Press _c1984 |
||
| 300 |
_a72p. ; _c19cm. |
||
| 440 |
_aThe 1984 Pere Marquette Theology Lecture _916388 |
||
| 650 |
_aWar _xReligious aspects _xChristianity _912886 |
||
| 650 |
_aJusuit war doctrine _916389 |
||
| 942 |
_2lcc _cMONOGRAPH |
||
| 999 |
_c122164 _d122164 |
||